SAARC : (Record no. 123163)

MARC details
000 -LEADER
fixed length control field 00738nam a22002537a 4500
003 - CONTROL NUMBER IDENTIFIER
control field 0
005 - DATE AND TIME OF LATEST TRANSACTION
control field 20180728165601.0
008 - FIXED-LENGTH DATA ELEMENTS--GENERAL INFORMATION
fixed length control field 0
010 ## - LIBRARY OF CONGRESS CONTROL NUMBER
LC control number B-125450
020 ## - INTERNATIONAL STANDARD BOOK NUMBER
Terms of availability 00.00
International Standard Book Number 817908003
035 ## - SYSTEM CONTROL NUMBER
System control number B-125450, B-125451
037 ## - SOURCE OF ACQUISITION
Source of stock number/acquisition Cen Lib/Ret
040 ## - CATALOGING SOURCE
Original cataloging agency DPL
Language of cataloging EN
Transcribing agency 0
082 ## - DEWEY DECIMAL CLASSIFICATION NUMBER
Classification number 327
Item number SAA
245 ## - TITLE STATEMENT
Title SAARC :
Statement of responsibility, etc edited by M.H.Syed
Remainder of title challenges ahead /
260 ## - PUBLICATION, DISTRIBUTION, ETC. (IMPRINT)
Place of publication, distribution, etc New Delhi
Name of publisher, distributor, etc Kilaso Books
Date of publication, distribution, etc 2003
270 ## - ADDRESS
City New Delhi
Address 2/19,Ansari Road,Dariya Ganj
Postal code 110002
300 ## - PHYSICAL DESCRIPTION
Extent vii,335p.
Dimensions 23cm(Hb)
500 ## - GENERAL NOTE
General note Includes bibliographical reference and index
650 ## - SUBJECT ADDED ENTRY--TOPICAL TERM
Topical term or geographic name as entry element SAARC-Foreign Trade
9 (RLIN) 72218
650 ## - SUBJECT ADDED ENTRY--TOPICAL TERM
Topical term or geographic name as entry element SAARC-Economic Development
9 (RLIN) 4498
700 ## - ADDED ENTRY--PERSONAL NAME
Personal name M.H.Syed
9 (RLIN) 70438
942 ## - ADDED ENTRY ELEMENTS (KOHA)
Source of classification or shelving scheme Dewey Decimal Classification
Koha item type English Books
Classification part 327
Call number suffix SAA
Holdings
Withdrawn status Lost status Damaged status Not for loan Home library Current library Date acquired Source of acquisition Cost, normal purchase price Total Checkouts Full call number Barcode Date last seen Date checked out Copy number Cost, replacement price Price effective from Koha item type Source of classification or shelving scheme Collection code
        Central Library Central Library 03/06/2015 Cen Lib/Ret 0.00 3 327 SAA B-125450 11/03/2020 05/03/2020 1 0.00 03/06/2015 English Books    
        Patel Nagar Patel Nagar 28/07/2018 BPPD/PUB 630.00   327 SAA B-125451 28/07/2018     630.00 28/07/2018 English Books Dewey Decimal Classification Non-fiction

© Delhi Public Library
Hit Counter
free hit counter